000 00455nam a2200145Ia 4500
008 151213s9999 xx 000 0 und d
100 _aসুলতানা হক ।
245 _aদেশ কাল
_cসুলতানা হক ।
260 _aঢাকা।
_bবই পত্র।
_c1987
300 _a8670 p.
650 _aBangla
650 _aগল্প গ্রন্থ।
700 _aসুলতানা হক ।
999 _c4456
_d4456